The American Literary Tradition 1607 - 1899
Zapisane w:
| 1. autor: | |
|---|---|
| Format: | Książka |
| Język: | Undetermined |
| Wydane: |
Illinois, Estados Unidos
Scott, Foresman and Company
1976
|
| Hasła przedmiotowe: | |
| Etykiety: |
Dodaj etykietę
Nie ma etykietki, Dołącz pierwszą etykiete!
|
MARC
| LEADER | 00000nam a2200000Ia 4500 | ||
|---|---|---|---|
| 008 | 170316s9999 xx 000 0 und d | ||
| 040 | |a cru BVZT | ||
| 090 | |a 810 M-43a | ||
| 100 | |a Miller, James |9 1289 | ||
| 245 | 4 | |a The American Literary Tradition 1607 - 1899 | |
| 260 | |a Illinois, Estados Unidos | ||
| 260 | |b Scott, Foresman and Company | ||
| 260 | |c 1976 | ||
| 300 | |a 288 páginas | ||
| 650 | |a LITERATURA ESTADOUNIDENSE |9 25 | ||
| 999 | |c 5945 |d 5945 | ||
| 942 | |c 15 D |h 810 M-43a |2 z | ||
